000 01864cam a22004094i 4500
003 PE-LiUPU
005 20250731184059.0
008 150623s1996 ilu rb 000 0 eng d
020 _a0226816273
035 _a(Sirsi) i9780226816272
040 _aPE-LiUPU
_bspa
_cPE-LiUPU
_erda
049 _aPRUA
082 0 4 _a001.422 602
_bT951996
_221
100 1 _aTurabian, Kate L.,
_d1893-1987,
_eautor.
245 1 2 _aA manual for writers of Term papers, theses, and dissertations /
_cKate L. Turabian.
250 _aSexta edición.
264 1 _aChicago :
_bThe University of Chicago Press,
_c1996.
300 _a308 páginas ;
_c22 centímetros.
336 _atext
_2rdacontent
337 _aunmediated
_2rdamedia
338 _avolume
_2rdacarrier
490 0 _aChicago Guides to writing, editing, and publishing
504 _aIncluye bibliografía.
505 0 _aParts of the Paper -- Abbreviations and Numbers -- Spelling and Punctuation -- Capitalization, Italics, and Quotation Marks -- Quotations -- Tables -Illustrations -- Notes. -Bibliographies -- Parenthetical References and Reference Lists -- Comparing the Two Documentation Systems -- Public Documents -- Preparing the Manuscript -- Formats and Sample Layouts.
526 _aP145
526 _aP127
526 _aP97
526 _aP14
526 _aP07
650 1 4 _aTesis y disertaciones académicas
_xManuales.
942 _2ddc
_cBOOK
949 _aRC 001.422 602 T95 1996
_wDEWEY
_c1
_i47990
_lCCODEBUL1
_mBUL
_r0
_sY
_tBOOK
_u2015-6-24
_xEDUCACION
_PP35
_0COMPRA
_o.STAFF. Colección General
994 _aC0
_bPEPRU
596 _a1
999 _a808.02 T95 1996
_wDEWEY
_c25518
_i47990
_f2021-11-5
_g5
_lCCODEBUL1
_mBUL
_p12.00
_r0
_sY
_tBOOK
_u2015-6-24
_xBIBLIOTECA
_PP35
_0COMPRA
_o.STAFF. Colección Teología
_d25518
980 _81
_gALBERTO SANCHEZ Responsable de Automatización